000 00331 a2200157 4500
001 74899
020 _a9788516093587
040 _cAnchieta - Colégio São Paulo
100 _aBraz, Júlio Emílio
240 1 0 _aKuery
_lpor
245 1 0 _aKuery
300 _a55
362 0 _a2014
650 4 _aLiteratura infantil
942 _cBK
999 _c74899
_d74899